Minor Civil Divisions (Districts) of Tennessee With a Map - Statistics

General Stats
  • This quiz has been taken 206 times
  • The average score is 820 of 844
Answers on the Map
Answers color-coded by a green-red scale on the quiz's map according to % correct below.
 
Answer Stats
County MCD % Correct
Anderson | Bedford | Benton | +92 others 2
98%
Anderson | Bedford | Benton | +92 others 3
98%
Anderson | Bedford | Benton | +86 others 5
98%
Anderson | Bedford | Benton | +74 others 6
98%
Anderson | Bedford | Blount | +67 others 7
98%
Anderson | Bedford | Blount | +46 others 8
98%
Bedford | Blount | Carroll | +38 others 9
98%
Anderson | Bedford | Benton | +92 others 1
96%
Anderson | Bedford | Benton | +88 others 4
96%
Blount | Coffee | Crockett | +25 others 10
95%
Coffee | Crockett | Davidson | +16 others 11
95%
Coffee | Crockett | Davidson | +13 others 12
95%
Coffee | Davidson | Gibson | +4 others 15
95%
Coffee | Davidson | Gibson | +4 others 17
95%
Coffee | Davidson | Gibson | +4 others 18
95%
Coffee | Davidson | Gibson | +3 others 19
95%
Davidson | Wilson 23
95%
Davidson | Wilson 24
95%
Davidson | Wilson 25
95%
Davidson 29
95%
Coffee | Davidson | Gibson | +6 others 13
93%
Coffee | Davidson | Gibson | +4 others 16
93%
Coffee | Davidson | Montgomery | +2 others 20
93%
Davidson | Wilson 22
93%
Davidson 26
93%
Davidson 27
93%
Davidson 28
93%
Coffee | Davidson | Montgomery | +2 others 21
91%
Davidson 30
91%
Davidson 31
91%
Davidson 32
91%
Coffee | Davidson | Gibson | +5 others 14
89%
Davidson 33
89%
Davidson 34
89%
Davidson 35
89%
No matching quizzes found
Score Distribution
Percent of People with Each Score
Percentile by Number Answered
Your Score History
You have not taken this quiz